000 00270nam a2200109Ia 4500
001 1263260
005 20260417141901.0
008 260417s9999 xx 000 0 und d
020 _a9789752895904
245 0 _aAnnem İçin
_cSelim İleri
260 _bEverest Yayınları
999 _c1263260
_d1263260